Statistics for Queen Songs

Click here to take the quiz!

General Stats

  • This quiz has been taken 668 times
    (542 since last reset)
  • The average score is 12 of 15

Answer Stats

lyrics song % Correct
I'm just a poor boy, I need no sympathy / Because I'm easy come, easy goBohemian Rhapsody
100%
You got mud on yo' face, big disgrace / Kickin' your can all over the placeWe Will Rock You
97%
I've taken my bows / And my curtain callsWe Are The Champions
91%
She keeps Moe╠łt et Chandon / In her pretty cabinetKiller Queen
90%
And everything I had to know / I heard it on my radioRadio Ga Ga
89%
Are you ready, hey, are you ready for this / Are you hanging on the edge of your seat?Another One Bites The Dust
87%
I just gotta get out of this prison cell / Someday I'm gonna be free, Lord!Somebody to Love
82%
This thing called love / I just can't handle itCrazy Little Thing Called Love
82%
I want it all, I want it all / I want it all, and I want it nowI Want It All
82%
I want to ride my bicycle / I want to ride my bikeBicycle Race
77%
Oh you gonna take me home tonight / Oh down beside that red fire lightFat Bottomed Girls
73%
I've fallen in love / I've fallen in love for the first timeI Want to Break Free
68%
It's the terror of knowing / What this world is aboutUnder Pressure
67%
Ooh, you make me live / Whatever this world can give to meYou're My Best Friend
62%
The days were endless / We were crazy - we were youngThese Are The Days of Our Lives
42%

Score Distribution

Percentile by Number Answered

Percent of People with Each Score

Your Score History

You have not taken this quiz since the last reset